| 000 | 00658cam a2200253Ia 4500 | ||
|---|---|---|---|
| 001 | 82128 | ||
| 005 | 20230410103546.0 | ||
| 008 | 980824s1996 dr 000 0 spa d | ||
| 035 | _a(OCoLC)ocm39738463 | ||
| 040 |
_aNYP _cNYP |
||
| 020 | _z97681560508 | ||
| 035 | _a(OCoLC)39738463 | ||
| 050 | 1 | 4 |
_a118 PQ 7409.2 _bT693e 1996 |
| 100 | 1 |
_aTorres, Alfonso, _d1963- |
|
| 245 | 1 | 0 |
_aEntre pieles / _cAlfonso Torres. |
| 260 |
_aSanto Domingo : _bCocolo Editorial, _c1996. |
||
| 300 |
_a60 p. ; _c18 cm. |
||
| 500 | _aPoems. | ||
| 650 | 4 | _aCES | |
| 650 | 4 | _aColección Enriquillo Sanchez. | |
| 942 |
_2lcc _cbk |
||
| 946 | _amjcruz | ||
| 994 |
_aC0 _bDRFGD |
||
| 999 |
_c21303 _d21303 |
||